000 00686nam a22001697a 4500
003 OSt
005 20171010095535.0
008 121015t xxu||||| |||| 00| 0 eng d
040 _aMMSU
_cULS
100 _aMamaril, Modesto G. Jr., Jandoc, Nino Antonio C., Calaycay, John Miguel R.
_913576
245 _aDesign, fabrication, testing and evaluation of an air flow apparatus
_cModesto G. Mamaril Jr., Nino Antonio C. Jandoc, John Miguel R. Calaycay
260 _c2008
300 _aix, 67 leaves
_c28 cm.
500 _aThesis (BS Mechanical Engineering) -- Mariano Marcos State University-College of Engineering, Batac City
504 _aBibliography: leaf 24
942 _2ddc
_cTHEDIS
999 _c9837
_d9837